000 01234nam2a22002771 4500
001 v19\rc\1929058
005 20251118180824.4
035 _a(NLR Aleph) 005025413
090 _a6633955
_c6633955
100 _a20080404d1914 u y0rusy50 ca
101 0 _arus
102 _aRU
105 _aa z |||||
200 0 _aв 1912 г.
210 _d1914
215 _a[1], IX, 405 с., 9 л. ил.
461 0 _1001v19\rc\1929056
_12001#$aОбзор деятельности правительственной агрономической организации в Сибири и Туркестане...$fГУЗ и З. Деп. земледелия$vв 1912 г.
_96633939
_aРоссия. Департамент земледелия
_cПетроград
_d1912-1915
_fГУЗ и З. Деп. земледелия
_tОбзор деятельности правительственной агрономической организации в Сибири и Туркестане...
_vв 1912 г.
801 0 _aRU
_bNLR
_gpsbo
801 0 _aRU
_bRuMoRGB
_2psbo
801 1 _aRU
_bProSoft-M
_2rusmarc
852 _aNLR
_j37.30.2.47
899 _aRuMoRGB
_jR 283/213
899 _aRuMoRGB
_jR 48/1268
899 _aНБ МГУ
942 _cBOOK
980 _aNB